Statistiques concernant Les postes de rugby.

Cliquez ici pour prendre le quiz!

Statistiques générales

  • Ce quiz a été pris 1 246 fois
  • Le résultat moyen est 13 sur 15

Statistiques - réponses

Poste% Correct
2Talonneur
96%
3Pilier droit
94%
1AvantsPilier gauche
94%
11Trois quarts aile
94%
14Trois quarts aile
94%
12Trois quarts centre
94%
13Trois quarts centre
94%
15Arrière
93%
10Demi d'ouverture
92%
9ArrièresDemi de mêlée
88%
6Troisième ligne aile
84%
7Troisième ligne aile
84%
8Troisième ligne centre
84%
4Deuxième ligne
81%
5Deuxième ligne
81%

Distribution des résultats

Percentile par nombre de réponses

% des personnes avec chaque résultat

Votre développement - résultats

Vous n’avez pas pris ce quiz